| 000 | 00842nam a22002177a 4500 | ||
|---|---|---|---|
| 999 |
_c16706 _d16706 |
||
| 003 | AR-CdUCM | ||
| 008 | 190504b ||||| |||| 00| 0 spa d | ||
| 040 |
_aMUNICIPALIDAD PROVINCIAL DEL CUSCO _cBIBLIOTECA MUNICIPAL DEL CUSCO |
||
| 082 |
_a868.1 / _bL97 |
||
| 100 |
_aLulio _936300 |
||
| 245 | _aLibro del amigo y del amado / | ||
| 260 |
_aMadrid : _bAguilar, _c1960. |
||
| 300 |
_a123 páginas ; _c16 cm. |
||
| 440 |
_aBiblioteca de iniciación filosófica ; _n66 _936301 |
||
| 505 | _aContenido: La vida de blanquerna culminante en la contemplativa del amor divino -- Cronología de la vida y obras principales de Raimundo Lulio -- Libro del amigo y del amado ... | ||
| 650 |
_aLiteratura española _9362 |
||
| 650 |
_aLiteratura mística _91207 |
||
| 700 |
_aZaragueta, Juan _936302 |
||
| 942 |
_2ddc _cLIBROS |
||
| 945 |
_aacv _d2019-05-04 |
||